000 00572nam a2200217 i 4500
001 C2-0181531
003 PPAK
005 20180728095336.0
008 981027s1973 nyu |||| ||||| | eng d
040 _aPPAK
_beng
_cPPAK
_erda
082 0 4 _a928.9171
_2 23
090 0 0 _a928.9171
_bGRA
_dKIH
100 1 _aGrazzini, Giovanni,
_eauthor
245 1 0 _aSolzhenitsyn
264 1 _aNew York :
_bDell Publishing ,
_c1973
300 _a320 pages ;
_c18 cm
336 _2rdacontent
_atext
337 _2rdamedia
_aunmediated
338 _2rdacarrier
_avolume
942 _ddc
_cB
999 _c155980
_d155980